| 000 | 00582nam a22002057a 4500 | ||
|---|---|---|---|
| 003 | BUBTL | ||
| 008 | 200616b xxu||||| |||| 00| 0 eng d | ||
| 020 | _a0-538-84485-x | ||
| 082 | _a658.049/PHI | ||
| 100 |
_aPhatak, Arvind V. _93178 |
||
| 245 |
_aInternational Dimensions of Management _bArvind V. Phatak |
||
| 250 | _a4th | ||
| 260 |
_aSouth-West _bSouth-Western College _cc1995 |
||
| 300 |
_a[ix] , 246p , : _bill . ; 23cm. |
||
| 500 | _aIncludes Index | ||
| 650 |
_aManagement _93179 |
||
| 856 |
_k0 _l0 _yDownload |
||
| 942 |
_2ddc _cBK |
||
| 999 |
_c6301 _d6301 |
||